[Event "Witwatersrand op"]
[Site "Witwatersrand"]
[Date "2017.07.07"]
[Round "9.8"]
[White "Mbanjwa, Mlungisi"]
[Black "Sepuru, Shaun"]
[Result "1-0"]
[WhiteElo "1384"]
[BlackElo "1594"]
[PlyCount "75"]
[EventDate "2017.07.03"]
[EventType "swiss"]
[EventRounds "9"]
[EventCountry "RSA"]
[SourceTitle "EXT 2018"]
[Source "ChessBase"]
[SourceDate "2017.10.13"]
[SourceVersion "1"]
[SourceVersionDate "2017.10.13"]
[SourceQuality "1"]

1. e4 e6 2. d4 d5 3. exd5 exd5 4. Bd3 Bd6 5. Nf3 Bg4 6. 0-0 Nc6 7. c3 Nge7 8. Bg5 f6 9. Bh4 g5 10. Bg3 h5 11. Re1 h4 12. Bxd6 Qxd6 13. h3 Be6 14. Qe2 Kd7 15. c4 dxc4 16. Bxc4 Bxc4 17. Qxc4 Rag8 18. Nc3 Kc8 19. Qe6+ Qd7 20. d5 Ne5 21. Nxe5 Qxe6 22. dxe6 fxe5 23. Rxe5 g4 24. hxg4 Rxg4 25. Re4 Rg6 26. Rae1 Rhg8 27. Rxh4 Rxg2+ 28. Kf1 Nc6 29. Nd5 Rg1+ 30. Ke2 Rxe1+ 31. Kxe1 Re8 32. Re4 Nd8 33. e7 Nc6 34. f4 Nxe7 35. Rxe7 Rd8 36. Nxc7 Rd4 37. Ne6 Re4+ 38. Kd2 1-0

[Event "Witwatersrand op"]
[Site "Witwatersrand"]
[Date "2017.07.07"]
[Round "8.6"]
[White "Sepuru, Shaun"]
[Black "Kabi, Thato"]
[Result "1/2-1/2"]
[WhiteElo "1594"]
[BlackElo "1682"]
[PlyCount "98"]
[EventDate "2017.07.03"]
[EventType "swiss"]
[EventRounds "9"]
[EventCountry "RSA"]
[SourceTitle "EXT 2018"]
[Source "ChessBase"]
[SourceDate "2017.10.13"]
[SourceVersion "1"]
[SourceVersionDate "2017.10.13"]
[SourceQuality "1"]

1. Nf3 d5 2. g3 Nf6 3. Bg2 c6 4. 0-0 Bf5 5. d3 e6 6. c4 Bd6 7. cxd5 exd5 8. Nc3 0-0 9. Qb3 Qb6 10. Qc2 Re8 11. Be3 Qc7 12. Rac1 Qd7 13. Bg5 Be7 14. e4 dxe4 15. dxe4 Bxe4 16. Nxe4 Nxe4 17. Rcd1 Qc8 18. Bxe7 Rxe7 19. Rfe1 f5 20. Ng5 Qe8 21. Qc4+ Kh8 22. Bxe4 fxe4 23. Rxe4 Na6 24. Rde1 Rxe4 25. Rxe4 Qd7 26. Rd4 Qe7 27. h4 Rf8 28. Qd3 Qe1+ 29. Kh2 Qxf2+ 30. Kh3 g6 31. Rd7 Qf5+ 32. Qxf5 Rxf5 33. Rxh7+ Kg8 34. Rxb7 Ra5 35. a3 Nc5 36. Rb8+ Kg7 37. b4 Nd7 38. Rb7 Rd5 39. Rxa7 Kf6 40. Ra6 Ne5 41. a4 Kf5 42. Ra8 Nd3 43. Rf8+ Ke5 44. Rb8 Kd4 45. b5 cxb5 46. Rxb5 Rxb5 47. axb5 Kc5 48. g4 Kxb5 49. h5 gxh5 1/2-1/2

[Event "Witwatersrand op"]
[Site "Witwatersrand"]
[Date "2017.07.06"]
[Round "6.15"]
[White "Sepuru, Shaun"]
[Black "Makahane, Mbavhalelo"]
[Result "1-0"]
[WhiteElo "1594"]
[BlackElo "1276"]
[PlyCount "82"]
[EventDate "2017.07.03"]
[EventType "swiss"]
[EventRounds "9"]
[EventCountry "RSA"]
[SourceTitle "EXT 2018"]
[Source "ChessBase"]
[SourceDate "2017.10.13"]
[SourceVersion "1"]
[SourceVersionDate "2017.10.13"]
[SourceQuality "1"]

1. c4 d5 2. cxd5 Qxd5 3. Nc3 Qa5 4. g3 c6 5. Bg2 Bf5 6. Nf3 Nf6 7. d3 e6 8. 0-0 Be7 9. a3 0-0 10. Bd2 Qc7 11. Rc1 Nbd7 12. b4 Rac8 13. Bf4 Bd6 14. Nb5 Qb6 15. Nxd6 Rcd8 16. Nxf5 exf5 17. Be3 Qc7 18. b5 c5 19. h3 b6 20. Qb3 Rc8 21. Nd4 Qe5 22. Nc6 Rxc6 23. Bxc6 Rd8 24. Bf3 Nf8 25. a4 Ne6 26. a5 Nd4 27. Bxd4 Qxd4 28. axb6 axb6 29. Ra1 Qd6 30. Ra7 Rf8 31. Rfa1 g6 32. Ra8 f4 33. Rxf8+ Kxf8 34. Ra7 Qe6 35. Qxe6 fxe6 36. gxf4 h5 37. Rb7 Nd5 38. Bxd5 exd5 39. Rxb6 c4 40. dxc4 dxc4 41. Rc6 Ke8 1-0